Homenaje a la Reforma Universitaria / (Registro nro. 667)
[ vista simple ]
| 000 -LEADER | |
|---|---|
| fixed length control field | 00761nam a22001817a 4500 |
| 003 - CONTROL NUMBER IDENTIFIER | |
| control field | OSt |
| 005 - DATE AND TIME OF LATEST TRANSACTION | |
| control field | 20251030101424.0 |
| 008 - FIXED-LENGTH DATA ELEMENTS--GENERAL INFORMATION | |
| fixed length control field | 251030t1989 ag ||||| |||| 00| 0 spa d |
| 040 ## - CATALOGING SOURCE | |
| Transcribing agency | AR-RoUNCS |
| Original cataloging agency | AR-RoUNCS |
| 080 ## - UNIVERSAL DECIMAL CLASSIFICATION NUMBER | |
| Authority record control number or standard number | 378.4(82)(94) |
| 110 2# - MAIN ENTRY--CORPORATE NAME | |
| Corporate name or jurisdiction name as entry element | Universidad Nacional de Rosario. |
| 245 10 - TITLE STATEMENT | |
| Title | Homenaje a la Reforma Universitaria / |
| Remainder of title | Universidad Nacional de Rosario. |
| 260 ## - PUBLICATION, DISTRIBUTION, ETC. | |
| Place of publication, distribution, etc. | Rosario : |
| Name of publisher, distributor, etc. | UNR Editora, |
| Date of publication, distribution, etc. | 1989. |
| 300 ## - PHYSICAL DESCRIPTION | |
| Extent | 161 p. ; |
| Other physical details | 21 cm. |
| 505 20 - FORMATTED CONTENTS NOTE | |
| Title | La Reforma Universitaria / |
| Statement of responsibility | Gabriel del Mazo -- |
| Title | Significación social de la reforma Universitaria / |
| Statement of responsibility | Julio V. González -- |
| Title | Ciencias, maestros, universidades / |
| Statement of responsibility | Deodoro Roca -- |
| Title | Juventud, entusiasmo y energía / |
| Statement of responsibility | José Ingenieros. |
| 650 #4 - SUBJECT ADDED ENTRY--TOPICAL TERM | |
| Topical term or geographic name entry element | UNIVERSIDADES |
| General subdivision | HISTORIA |
| Geographic subdivision | ARGENTINA |
| 942 ## - ADDED ENTRY ELEMENTS (KOHA) | |
| Source of classification or shelving scheme | Universal Decimal Classification |
| Koha item type | Obra General |
| Suppress in OPAC | No |
| Withdrawn status | Lost status | Source of classification or shelving scheme | Damaged status | Not for loan | Home library | Current library | Date acquired | Total checkouts | Full call number | Barcode | Date last seen | Price effective from | Koha item type |
|---|---|---|---|---|---|---|---|---|---|---|---|---|---|
| Library of Congress Classification | Biblioteca Escuela de Ciencias Sociales | Biblioteca Escuela de Ciencias Sociales | 30/10/2025 | 378.4(82)(94) H765 | 000331 | 30/10/2025 | 30/10/2025 | Obra General |